[Event "SVG Plettenberg 1 - Düsseldorfer SK 2"]
[Site "NRW-Liga - Gruppe 1 2021/2022"]
[Date "2021.11.28"]
[Round "2.1"]
[White "Harff, Marcel"]
[Black "Haub, Thorsten Michael"]
[Result "1/2-1/2"]
[WhiteElo "2371"]
[BlackElo "2412"]
[PlyCount "40"]
[EventDate "2021.??.??"]
[SourceVersionDate "2020.03.16"]
[WhiteTeam "Düsseldorfer SK 2"]
[BlackTeam "SVG Plettenberg 1"]

1. Nf3 g6 2. e4 Bg7 3. d4 d6 4. Nc3 a6 5. a4 b6 6. Bc4 e6 7. O-O Ne7 8. Qe2 Nd7
9. Bf4 h6 10. h3 O-O 11. Rad1 Qe8 12. Rfe1 Bb7 13. Bg3 Kh7 14. Rd2 Ra7 15. Ba2
Qa8 16. Nh2 Nf6 17. f3 Qe8 18. Bf2 Ra8 19. Bb3 Nh5 20. Qf1 Nc6 1/2-1/2

[Event "SVG Plettenberg 1 - Düsseldorfer SK 2"]
[Site "NRW-Liga - Gruppe 1 2021/2022"]
[Date "2021.11.28"]
[Round "2.2"]
[White "Schulze, Marc"]
[Black "Hainke, Guntram"]
[Result "1/2-1/2"]
[WhiteElo "2231"]
[BlackElo "2292"]
[PlyCount "33"]
[EventDate "2021.??.??"]
[SourceVersionDate "2020.03.16"]
[WhiteTeam "SVG Plettenberg 1"]
[BlackTeam "Düsseldorfer SK 2"]

1. d4 d5 2. Bf4 c5 3. e3 cxd4 4. exd4 Nc6 5. c3 Bf5 6. Nf3 e6 7. Qb3 Qd7 8. Ne5
Nxe5 9. Bxe5 Ne7 10. Nd2 Nc6 11. Bg3 Be7 12. Nf3 a6 13. Ne5 Nxe5 14. Bxe5 O-O
15. Be2 Bd6 16. Bxd6 Qxd6 17. O-O 1/2-1/2

[Event "SVG Plettenberg 1 - Düsseldorfer SK 2"]
[Site "NRW-Liga - Gruppe 1 2021/2022"]
[Date "2021.11.28"]
[Round "2.3"]
[White "von Buenau, Heinrich"]
[Black "Kuhnen, Thomas"]
[Result "1-0"]
[WhiteElo "2129"]
[BlackElo "1995"]
[PlyCount "81"]
[EventDate "2021.??.??"]
[SourceVersionDate "2020.03.16"]
[WhiteTeam "Düsseldorfer SK 2"]
[BlackTeam "SVG Plettenberg 1"]

1. c4 e5 2. g3 Nf6 3. Bg2 d5 4. cxd5 Nxd5 5. Nc3 Nb6 6. Nf3 Nc6 7. O-O Be7 8.
a3 Be6 9. d3 O-O 10. Be3 f5 11. Rc1 g5 12. Na4 g4 13. Nd2 Bd5 14. Bc5 Bxg2 15.
Kxg2 Nxa4 16. Bxe7 Qxe7 17. Qxa4 Rad8 18. Qb3+ Rf7 19. Qxb7 Nd4 20. Rfe1 Rd6
21. Nc4 Re6 22. Ne3 f4 23. Nd5 Qd6 24. Rxc7 Rxc7 25. Nxc7 Rf6 26. Qd5+ Kf8 27.
Qa8+ Kf7 28. Nd5 Re6 29. Qb7+ Kg6 30. Nc7 Qc6+ 31. Qxc6 Rxc6 32. Nd5 Rc5 33.
Nc3 Kf5 34. e3 f3+ 35. Kf1 Nb3 36. Rd1 Rc6 37. Kg1 Rd6 38. h4 gxh3 39. Kh2 Nc5
40. d4 Ne4 41. g4+ 1-0

[Event "SVG Plettenberg 1 - Düsseldorfer SK 2"]
[Site "NRW-Liga - Gruppe 1 2021/2022"]
[Date "2021.11.28"]
[Round "2.4"]
[White "Maniocha, Marek"]
[Black "Mueller, Michael"]
[Result "0-1"]
[WhiteElo "1788"]
[BlackElo "2118"]
[Annotator "daniel"]
[PlyCount "72"]
[EventDate "2021.??.??"]
[SourceVersionDate "2020.03.16"]
[WhiteTeam "SVG Plettenberg 1"]
[BlackTeam "Düsseldorfer SK 2"]

1. d4 e6 2. c4 Bb4+ 3. Bd2 c5 4. e3 Nf6 5. Bd3 b6 6. Nf3 Bb7 7. Nc3 Bxc3 8.
Bxc3 Ne4 9. Bxe4 Bxe4 10. dxc5 bxc5 11. Qd6 Qe7 12. Qe5 f5 13. O-O-O Nc6 14.
Qc7 Bxf3 15. gxf3 Rf8 16. Rd2 Rf7 17. Rhd1 Qd8 18. Qg3 g6 19. h4 Qb8 20. Qg5
Qh2 21. f4 Qh3 22. Rg1 Ne7 $11 23. Rgd1 Nc6 24. h5 Qxh5 25. Qxh5 gxh5 26. Rh1
O-O-O 27. Rxh5 Rg8 28. Rg5 Rxg5 29. fxg5 f4 30. Bf6 fxe3 31. fxe3 h6 32. Rg2
hxg5 33. Bxg5 Rg7 34. Rg3 Ne5 35. b3 Nd3+ 36. Kd2 Nf2 0-1

[Event "SVG Plettenberg 1 - Düsseldorfer SK 2"]
[Site "NRW-Liga - Gruppe 1 2021/2022"]
[Date "2021.11.28"]
[Round "2.5"]
[White "Berndt, Axel"]
[Black "Kraemer, Roland"]
[Result "1/2-1/2"]
[WhiteElo "2082"]
[BlackElo "1767"]
[PlyCount "95"]
[EventDate "2021.??.??"]
[SourceVersionDate "2020.03.16"]
[WhiteTeam "Düsseldorfer SK 2"]
[BlackTeam "SVG Plettenberg 1"]

1. e4 Nf6 2. Nc3 e5 3. Nf3 Nc6 4. d4 exd4 5. Nxd4 Bb4 6. Nxc6 bxc6 7. Bd3 O-O
8. O-O h6 9. Bd2 Re8 10. Re1 d5 11. exd5 cxd5 12. Rxe8+ Qxe8 13. Nb5 Bxd2 14.
Qxd2 Qd8 15. Qc3 Ne4 16. Qxc7 Qf6 17. f3 Ng5 18. Qc3 Qd8 19. Re1 Be6 20. Nc7
Rc8 21. Nxe6 Nxe6 22. Qe5 Qa5 23. a3 Qc5+ 24. Kh1 Kf8 25. h3 Re8 26. Qe3 d4 27.
Qe5 Qb6 28. Qb5 Qd6 29. Qe5 Qb6 30. Qb5 Qd6 31. Qb4 Nc5 32. Rxe8+ Kxe8 33. Bb5+
Ke7 34. Qe1+ Ne6 35. Qe4 Qb6 36. Qc6 Qd8 37. Qb7+ Kf6 38. Qxa7 Qd6 39. Bc4 Qf4
40. Bxe6 Qc1+ 41. Kh2 Qf4+ 42. Kg1 Qe3+ 43. Kf1 Qc1+ 44. Kf2 Qe3+ 45. Kg3 Qe1+
46. Kh2 Qe5+ 47. Kg1 Qe1+ 48. Kh2 1/2-1/2

[Event "SVG Plettenberg 1 - Düsseldorfer SK 2"]
[Site "NRW-Liga - Gruppe 1 2021/2022"]
[Date "2021.11.28"]
[Round "2.6"]
[White "Nhan, Jinhon Raymon"]
[Black "Zimmermann, Rolf"]
[Result "0-1"]
[WhiteElo "1617"]
[BlackElo "2100"]
[PlyCount "116"]
[EventDate "2021.??.??"]
[SourceVersionDate "2020.03.16"]
[WhiteTeam "SVG Plettenberg 1"]
[BlackTeam "Düsseldorfer SK 2"]

1. d4 Nf6 2. Nf3 d5 3. g3 e6 4. Bg2 c5 5. O-O Nc6 6. c3 Bd6 7. Nbd2 O-O 8. Nb3
c4 9. Nbd2 b5 10. Qc2 Bb7 11. e4 dxe4 12. Nxe4 Nxe4 13. Qxe4 Rb8 14. Ng5 g6 15.
Qh4 h5 16. g4 Ne7 17. gxh5 Nf5 18. Qh3 Bxg2 19. Kxg2 Kg7 20. h6+ Kh8 21. Rg1
Be7 22. Kh1 Qd5+ 23. f3 f6 24. Ne4 g5 25. Bd2 Kh7 26. Rae1 Rg8 27. Nf2 Rb6 28.
Rgf1 Rg6 29. Ng4 Nxh6 30. Qh5 Kg7 31. Nxh6 Rxh6 32. Qg4 Rh4 33. Qg2 Bd6 34. h3
Rb8 35. Re4 Rxh3+ 36. Qxh3 Rh8 37. Qxh8+ Kxh8 38. Kg2 f5 39. Re2 g4 40. Be1 Kg7
41. Re3 Kf7 42. Bd2 a5 43. Kg1 Qa8 44. f4 Qb8 45. Re2 b4 46. Rfe1 Bxf4 47. Bxf4
Qxf4 48. Rxe6 Qg3+ 49. Kh1 bxc3 50. R6e3 Qh4+ 51. Kg1 f4 52. Re7+ Qxe7 53.
Rxe7+ Kxe7 54. bxc3 Kd6 55. Kf2 a4 56. a3 Kd5 57. Kg1 f3 58. Kf2 Ke4 0-1

[Event "SVG Plettenberg 1 - Düsseldorfer SK 2"]
[Site "NRW-Liga - Gruppe 1 2021/2022"]
[Date "2021.11.28"]
[Round "2.7"]
[White "Kesseler, Heiko"]
[Black "Nhan, Jiehou"]
[Result "1-0"]
[WhiteElo "2049"]
[BlackElo "1477"]
[PlyCount "81"]
[EventDate "2021.??.??"]
[SourceVersionDate "2020.03.16"]
[WhiteTeam "Düsseldorfer SK 2"]
[BlackTeam "SVG Plettenberg 1"]

1. e4 e6 2. d4 d5 3. Nc3 Bb4 4. e5 Ne7 5. Bd2 c5 6. Nb5 Bxd2+ 7. Qxd2 O-O 8.
dxc5 Nbc6 9. f4 Nf5 10. Bd3 Qh4+ 11. g3 Nxg3 12. Qf2 Nf5 13. Bxf5 Qxf2+ 14.
Kxf2 exf5 15. Nc7 Rb8 16. Nxd5 Rd8 17. Ne3 b6 18. cxb6 axb6 19. Nf3 g6 20. Rhd1
Be6 21. a3 h6 22. h4 Ne7 23. Nd4 Rbc8 24. Nxe6 Rxd1 25. Rxd1 fxe6 26. c4 Kf7
27. Rd7 Rb8 28. Ke2 b5 29. c5 b4 30. a4 Rc8 31. Rb7 Rxc5 32. Rxb4 Nd5 33. Rb7+
Kf8 34. Nxd5 exd5 35. b3 h5 36. Kd2 d4 37. Kd3 Rc3+ 38. Kxd4 Rf3 39. e6 Rxf4+
40. Ke5 Re4+ 41. Kf6 1-0

[Event "SVG Plettenberg 1 - Düsseldorfer SK 2"]
[Site "NRW-Liga - Gruppe 1 2021/2022"]
[Date "2021.11.28"]
[Round "2.8"]
[White "Skapski, Miroslaw"]
[Black "Wiedenbruch, Paul"]
[Result "0-1"]
[WhiteElo "1440"]
[BlackElo "1885"]
[PlyCount "42"]
[EventDate "2021.??.??"]
[SourceVersionDate "2020.03.16"]
[WhiteTeam "SVG Plettenberg 1"]
[BlackTeam "Düsseldorfer SK 2"]

1. d4 d5 2. c4 e5 3. dxe5 d4 4. Nf3 Nc6 5. a3 Nge7 6. e3 Bg4 7. Be2 dxe3 8.
Qxd8+ Rxd8 9. Bxe3 Ng6 10. Nbd2 Ngxe5 11. O-O Be7 12. Rfe1 O-O 13. h3 Be6 14.
b3 Bf6 15. Rad1 Nd3 16. Bxd3 Rxd3 17. Ne4 Rxb3 18. Nxf6+ gxf6 19. Nd4 Nxd4 20.
Rxd4 Kg7 21. Rg4+ Bxg4 0-1

[Event "SF Lieme 1 - SG Bünde 1"]
[Site "NRW-Liga - Gruppe 1 2021/2022"]
[Date "2021.11.28"]
[Round "2.1"]
[White "Brunke, Pascal"]
[Black "Schuh, Dirk"]
[Result "0-1"]
[WhiteElo "2012"]
[BlackElo "2321"]
[PlyCount "86"]
[EventDate "2021.??.??"]
[SourceVersionDate "2020.03.16"]
[WhiteTeam "SG Bünde 1"]
[BlackTeam "SF Lieme 1"]

1. e4 c5 2. c3 e6 3. Nf3 d5 4. exd5 exd5 5. d4 Nc6 6. Bb5 Bd6 7. O-O Nf6 8.
Re1+ Be6 9. dxc5 Bxc5 10. Nd4 O-O 11. Be3 Qd6 12. Be2 a6 13. Nxc6 Bxe3 14. Nd4
Bh6 15. Nd2 Bd7 16. Bf3 Rfe8 17. Qc2 g6 18. N2b3 Re7 19. Rxe7 Qxe7 20. Rd1 Re8
21. h3 Bf4 22. g3 Bc7 23. Bg2 Bb6 24. Nd2 Qd6 25. Qd3 h5 26. c4 Qc5 27. N2b3
Qxc4 28. Qf3 Ne4 29. Qf4 Qc7 30. Qxc7 Bxc7 31. Ne2 Be6 32. Nc3 Bb6 33. Bxe4
dxe4 34. Nxe4 Kg7 35. Ng5 Bc8 36. Kg2 Bf5 37. Nd4 Bd7 38. Ngf3 Re4 39. Rd3 g5
40. Nb3 Bc6 41. Kh2 Re2 42. Nbd4 Rxf2+ 43. Kg1 Rxf3 0-1

[Event "SF Lieme 1 - SG Bünde 1"]
[Site "NRW-Liga - Gruppe 1 2021/2022"]
[Date "2021.11.28"]
[Round "2.2"]
[White "Wittke, Rene"]
[Black "Brunke, Christian"]
[Result "1-0"]
[WhiteElo "2273"]
[BlackElo "2107"]
[PlyCount "45"]
[EventDate "2021.??.??"]
[SourceVersionDate "2020.03.16"]
[WhiteTeam "SF Lieme 1"]
[BlackTeam "SG Bünde 1"]

1. d4 d6 2. e4 Nf6 3. Nc3 c6 4. f4 Nbd7 5. Nf3 Qc7 6. e5 Nd5 7. Ne4 b5 8. Bd2
N7b6 9. Bd3 e6 10. Qe2 Be7 11. O-O h6 12. Rae1 Nd7 13. f5 dxe5 14. fxe6 fxe6
15. Nh4 Nf8 16. Qh5+ Kd8 17. Ng5 hxg5 18. Qxh8 gxh4 19. Rxf8+ Kd7 20. Qxg7 a6
21. Rxe5 c5 22. Rf7 Qd6 23. Bg5 1-0

[Event "SF Lieme 1 - SG Bünde 1"]
[Site "NRW-Liga - Gruppe 1 2021/2022"]
[Date "2021.11.28"]
[Round "2.3"]
[White "Fuhlrott, Tim"]
[Black "Niermann, Tristan"]
[Result "0-1"]
[WhiteElo "1996"]
[BlackElo "2215"]
[PlyCount "184"]
[EventDate "2021.??.??"]
[SourceVersionDate "2020.03.16"]
[WhiteTeam "SG Bünde 1"]
[BlackTeam "SF Lieme 1"]

1. e4 e5 2. Nf3 Nc6 3. Bc4 Nf6 4. Ng5 d5 5. exd5 Na5 6. Bb5+ c6 7. dxc6 bxc6 8.
Bd3 Nd5 9. h4 Nf4 10. Bf1 h6 11. Nf3 Bd6 12. g3 e4 13. gxf4 exf3 14. Qxf3 O-O
15. d4 Re8+ 16. Be2 Bf5 17. Nc3 Rb8 18. Kf1 Bxc2 19. Bd3 Bxd3+ 20. Qxd3 Qf6 21.
f5 c5 22. d5 Rb4 23. Be3 Rxb2 24. Rb1 c4 25. Qd4 Rxb1+ 26. Nxb1 Qxf5 27. Nc3
Be5 28. Qd2 Rb8 29. Bd4 Rb1+ 30. Nxb1 Qxb1+ 31. Kg2 Qe4+ 32. f3 Qxd4 33. Qxd4
Bxd4 34. d6 Nc6 35. Re1 Bb6 36. Re8+ Kh7 37. Rc8 Nd8 38. h5 g6 39. hxg6+ Kxg6
40. Rxc4 Kf6 41. Rh4 Ke6 42. Rxh6+ f6 43. d7 Nf7 44. Rh7 Bd8 45. f4 Nd6 46. Kf3
f5 47. Ke3 Ne4 48. Kd4 Nf6 49. Rh8 Bb6+ 50. Kc4 Kxd7 51. a4 Be3 52. Rh1 Bxf4
53. Rf1 Nh5 54. Kd5 Ke7 55. a5 Kf6 56. Re1 Bd2 57. Re6+ Kg5 58. Re7 f4 59. Ke4
Be3 60. Kf3 Kf5 61. Rd7 Nf6 62. Rf7 Ke5 63. Re7+ Kd6 64. Rxa7 Bxa7 65. Kxf4
Nd5+ 66. Ke4 Nb4 67. a6 Nxa6 68. Kf5 Kd5 69. Kf4 Nc7 70. Kf5 Ne6 71. Kf6 Bc5
72. Kf5 Bd4 73. Kg4 Ke4 74. Kg3 Be3 75. Kg4 Bf4 76. Kh3 Kf3 77. Kh4 Ng7 78. Kh3
Bd6 79. Kh4 Ne6 80. Kh5 Kf4 81. Kg6 Nd8 82. Kh5 Be7 83. Kg6 Kg4 84. Kh6 Kf5 85.
Kh5 Ne6 86. Kh6 Nf4 87. Kg7 Ke6 88. Kh6 Kf7 89. Kh7 Bg5 90. Kh8 Ng6+ 91. Kh7
Nf8+ 92. Kh8 Bf6# 0-1

[Event "SF Lieme 1 - SG Bünde 1"]
[Site "NRW-Liga - Gruppe 1 2021/2022"]
[Date "2021.11.28"]
[Round "2.4"]
[White "Himpenmacher, Andy"]
[Black "Altenbernd, Jannis-Domenik"]
[Result "1-0"]
[WhiteElo "2177"]
[BlackElo "1995"]
[PlyCount "35"]
[EventDate "2021.??.??"]
[SourceVersionDate "2020.03.16"]
[WhiteTeam "SF Lieme 1"]
[BlackTeam "SG Bünde 1"]

1. d4 d6 2. e4 c6 3. g3 e5 4. Ne2 Nf6 5. Bg2 Be7 6. O-O Bg4 7. f3 Be6 8. Nbc3
Qc8 9. f4 Bh3 10. fxe5 dxe5 11. dxe5 Bc5+ 12. Nd4 Qd7 13. Bxh3 Qxd4+ 14. Kg2
Qxe5 15. Bf4 Qh5 16. Qxh5 Nxh5 17. Bxb8 Rxb8 18. Rf5 1-0

[Event "SF Lieme 1 - SG Bünde 1"]
[Site "NRW-Liga - Gruppe 1 2021/2022"]
[Date "2021.11.28"]
[Round "2.5"]
[White "Moradi Kahlou, Benjamin"]
[Black "Bentel, Robin"]
[Result "0-1"]
[WhiteElo "1955"]
[BlackElo "2142"]
[PlyCount "112"]
[EventDate "2021.??.??"]
[SourceVersionDate "2020.03.16"]
[WhiteTeam "SG Bünde 1"]
[BlackTeam "SF Lieme 1"]

1. e4 e5 2. Nf3 Nc6 3. Nc3 Nf6 4. d4 exd4 5. Nxd4 Bb4 6. Nxc6 bxc6 7. Bd3 O-O
8. O-O Re8 9. Qf3 Rb8 10. Bf4 d6 11. Bg5 h6 12. Bxf6 Qxf6 13. Qxf6 gxf6 14. Ne2
Bc5 15. b3 a5 16. h3 Bd7 17. Nf4 Re5 18. g4 Kh8 19. Kh2 Re7 20. Kg2 Bd4 21.
Rac1 Be5 22. Ne2 d5 23. f3 a4 24. Ng3 a3 25. c3 Rd8 26. Nh5 Bc8 27. Rf2 f5 28.
exf5 c5 29. f6 Ree8 30. Bb5 Re6 31. Re2 Bd6 32. Rce1 Kg8 33. Bd3 c6 34. h4 Rde8
35. Kf2 Rxe2+ 36. Rxe2 Rxe2+ 37. Kxe2 Kf8 38. g5 hxg5 39. hxg5 Be5 40. c4 Bd7
41. Ke3 Bb2 42. Kd2 Be5 43. f4 Bc7 44. Ke3 Bg4 45. Ng3 Bd1 46. Bb1 Ke8 47. Nf5
d4+ 48. Ke4 Be2 49. Ng7+ Kf8 50. f5 Bg4 51. Bd3 Bg3 52. Bc2 Bh4 53. Ke5 Be2 54.
g6 d3 55. Ne6+ Kg8 56. Nf4 Bg3 0-1

[Event "SF Lieme 1 - SG Bünde 1"]
[Site "NRW-Liga - Gruppe 1 2021/2022"]
[Date "2021.11.28"]
[Round "2.6"]
[White "Wolf, Andre"]
[Black "Gudath, Reiner"]
[Result "0-1"]
[WhiteElo "2104"]
[BlackElo "1855"]
[PlyCount "78"]
[EventDate "2021.??.??"]
[SourceVersionDate "2020.03.16"]
[WhiteTeam "SF Lieme 1"]
[BlackTeam "SG Bünde 1"]

1. e4 c6 2. c4 d5 3. exd5 cxd5 4. cxd5 Nf6 5. Nc3 g6 6. Bc4 Bg7 7. Nge2 O-O 8.
O-O Nbd7 9. d3 Nb6 10. Qb3 Bg4 11. Re1 Bxe2 12. Rxe2 Qd7 13. Be3 Nc8 14. Rae1
Nd6 15. a4 a6 16. a5 Rfe8 17. Na4 Nc8 18. Nc5 Qf5 19. Qxb7 Ra7 20. Qb3 Ng4 21.
Qa4 Nd6 22. Ne4 Raa8 23. Ng3 Qf6 24. Bc5 Rec8 25. b4 Bf8 26. h3 Nh6 27. Qa1 Qh4
28. Ne4 Nhf5 29. Nxd6 exd6 30. Re4 Qd8 31. Bb6 Qd7 32. Qd1 Ng7 33. Kh2 Nh5 34.
Qf3 Ng7 35. g3 f5 36. R4e3 Qa4 37. Rb1 Qc2 38. Ree1 Qc3 39. Rb3 Qxe1 0-1

[Event "SF Lieme 1 - SG Bünde 1"]
[Site "NRW-Liga - Gruppe 1 2021/2022"]
[Date "2021.11.28"]
[Round "2.7"]
[White "Kroeger, Tim"]
[Black "Krallmann, Matthias"]
[Result "1/2-1/2"]
[WhiteElo "1684"]
[BlackElo "2115"]
[PlyCount "84"]
[EventDate "2021.??.??"]
[SourceVersionDate "2020.03.16"]
[WhiteTeam "SG Bünde 1"]
[BlackTeam "SF Lieme 1"]

1. e4 e5 2. Nf3 Nc6 3. Bc4 Bc5 4. d3 Nf6 5. Nc3 h6 6. Nd5 d6 7. Be3 Nxd5 8.
exd5 Nd4 9. c3 Nxf3+ 10. Qxf3 Bxe3 11. fxe3 O-O 12. O-O-O Qg5 13. h3 f5 14. Kb1
Bd7 15. d4 e4 16. Qe2 f4 17. exf4 Rxf4 18. g4 Raf8 19. Rdg1 Qe7 20. Bd3 Qh4 21.
Bc2 Re8 22. Re1 Re7 23. Qd2 Qf6 24. Re3 Rf1+ 25. Rxf1 Qxf1+ 26. Qe1 Qxe1+ 27.
Rxe1 e3 28. Bg6 c6 29. dxc6 Bxc6 30. Kc2 Bg2 31. h4 Be4+ 32. Bxe4 Rxe4 33. g5
Rxh4 34. gxh6 Rh2+ 35. Kd3 gxh6 36. Rxe3 Kf7 37. Rf3+ Kg6 38. Re3 Kf5 39. Rf3+
Kg5 40. Rg3+ Kf5 41. Rf3+ Ke6 42. b3 h5 1/2-1/2

[Event "SF Lieme 1 - SG Bünde 1"]
[Site "NRW-Liga - Gruppe 1 2021/2022"]
[Date "2021.11.28"]
[Round "2.8"]
[White "Schaffarczyk, Andre"]
[Black "Vogt, Holger"]
[Result "1-0"]
[WhiteElo "2105"]
[BlackElo "1720"]
[PlyCount "37"]
[EventDate "2021.??.??"]
[SourceVersionDate "2020.03.16"]
[WhiteTeam "SF Lieme 1"]
[BlackTeam "SG Bünde 1"]

1. e4 b6 2. d4 Bb7 3. Bd3 e6 4. Nf3 Nf6 5. Qe2 c5 6. c3 cxd4 7. cxd4 Bb4+ 8.
Nc3 d5 9. e5 Ne4 10. O-O Nxc3 11. bxc3 Bxc3 12. Rb1 Nc6 13. Ba3 a6 14. Rfc1
Nxd4 15. Nxd4 Bxd4 16. Bd6 Rc8 17. Qg4 Bb2 18. Rxc8 Qxc8 19. Qxg7 1-0

[Event "SV Mülheim-Nord 3 - SF Essen-Werden 1"]
[Site "NRW-Liga - Gruppe 1 2021/2022"]
[Date "2021.11.28"]
[Round "2.1"]
[White "Kauch, Markus"]
[Black "Walter, Andreas"]
[Result "1/2-1/2"]
[WhiteElo "2142"]
[BlackElo "2174"]
[PlyCount "25"]
[EventDate "2021.??.??"]
[SourceVersionDate "2020.03.16"]
[WhiteTeam "SF Essen-Werden 1"]
[BlackTeam "SV Mülheim-Nord 3"]

1. Nf3 c5 2. c4 Nc6 3. Nc3 g6 4. g3 Bg7 5. Bg2 e6 6. O-O Nge7 7. d3 O-O 8. Bg5
h6 9. Bd2 d5 10. Rb1 b6 11. Qc1 Kh7 12. a3 a5 13. b3 1/2-1/2

[Event "SV Mülheim-Nord 3 - SF Essen-Werden 1"]
[Site "NRW-Liga - Gruppe 1 2021/2022"]
[Date "2021.11.28"]
[Round "2.2"]
[White "Oltmanns, Jan"]
[Black "Roth, Markus"]
[Result "1-0"]
[WhiteElo "2059"]
[BlackElo "2170"]
[Annotator "daniel"]
[PlyCount "95"]
[EventDate "2021.??.??"]
[SourceVersionDate "2020.03.16"]
[WhiteTeam "SV Mülheim-Nord 3"]
[BlackTeam "SF Essen-Werden 1"]

1. e4 e6 2. d4 d5 3. Nd2 Nf6 4. e5 Nfd7 5. c3 c5 6. f4 Nc6 7. Ne2 cxd4 8. cxd4
Qb6 9. Nf3 Bb4+ 10. Bd2 f6 11. Bxb4 Qxb4+ 12. Qd2 fxe5 13. fxe5 O-O 14. Qxb4
Nxb4 15. Kd2 Nb6 16. Nc3 Bd7 17. a3 Nc6 18. Bd3 Na5 19. Ke2 Rac8 20. Nd2 Be8
21. Rhf1 Nac4 22. Nxc4 Nxc4 23. Bxc4 Rxc4 24. Ke3 g5 25. g3 b5 26. h4 Rxf1 27.
Rxf1 gxh4 28. gxh4 b4 29. axb4 Rxb4 30. Rf2 a5 $11 31. Rd2 a4 32. Kf4 Rb7 33.
Ne2 Bh5 34. Kg5 Bxe2 35. Rxe2 Kg7 36. Rc2 h6+ 37. Kh5 Rf7 38. Rc6 Rf5+ 39. Kg4
Kf7 40. Rc7+ Kf8 41. Ra7 Rf2 42. Rxa4 Rxb2 43. Kh5 Rc2 44. Kxh6 Rc4 45. Ra8+
Ke7 46. Ra7+ Kd8 47. Kg5 Rxd4 48. h5 1-0

[Event "SV Mülheim-Nord 3 - SF Essen-Werden 1"]
[Site "NRW-Liga - Gruppe 1 2021/2022"]
[Date "2021.11.28"]
[Round "2.3"]
[White "Berger, Konstantin"]
[Black "Limbourg, Philipp"]
[Result "1-0"]
[WhiteElo "2090"]
[BlackElo "2219"]
[PlyCount "61"]
[EventDate "2021.??.??"]
[SourceVersionDate "2020.03.16"]
[WhiteTeam "SF Essen-Werden 1"]
[BlackTeam "SV Mülheim-Nord 3"]

1. e4 c5 2. Nf3 e6 3. g3 Nc6 4. Bg2 Nf6 5. Qe2 Be7 6. e5 Nd5 7. O-O f6 8. Nc3
Nxc3 9. dxc3 O-O 10. Rd1 Qe8 11. exf6 gxf6 12. Bh6 Rf7 13. Nd2 b6 14. Bf3 Bf8
15. Bf4 Rg7 16. Ne4 Qe7 17. Nd6 a5 18. Rd2 Ba6 19. Qe3 Ra7 20. Re1 Kh8 21. Bh5
Nd8 22. Ne8 Rg6 23. Bxg6 hxg6 24. Nxf6 Bg7 25. Nd5 Qe8 26. Bb8 Rb7 27. Nc7 Rxc7
28. Bxc7 Nc6 29. Red1 Bc8 30. Qe4 b5 31. Qxc6 1-0

[Event "SV Mülheim-Nord 3 - SF Essen-Werden 1"]
[Site "NRW-Liga - Gruppe 1 2021/2022"]
[Date "2021.11.28"]
[Round "2.4"]
[White "Kuipers, Dustin"]
[Black "ter Steeg, Marcus"]
[Result "1-0"]
[WhiteElo "2093"]
[BlackElo "1992"]
[Annotator "daniel"]
[PlyCount "81"]
[EventDate "2021.??.??"]
[SourceVersionDate "2020.03.16"]
[WhiteTeam "SV Mülheim-Nord 3"]
[BlackTeam "SF Essen-Werden 1"]

1. Nf3 Nf6 2. g3 e6 3. Bg2 d5 4. b3 Be7 5. Bb2 O-O 6. O-O c5 7. e3 Nc6 8. c4 d4
9. exd4 cxd4 10. Re1 Bc5 11. Ne5 Qd6 12. f4 Nd7 13. Nxc6 bxc6 14. d3 e5 15. Qf3
Bb7 16. Nd2 f5 17. Re2 e4 18. dxe4 d3+ 19. Rf2 Rae8 20. e5 Qc7 21. Qxd3 Rd8 22.
Qe2 Qb6 23. Nf3 Bxf2+ 24. Qxf2 Qxf2+ 25. Kxf2 Nc5 26. Ba3 Ne4+ 27. Ke3 Rfe8 $11
28. Nd4 c5 29. Nxf5 Nxg3 30. hxg3 Bxg2 31. Bxc5 g5 32. Rg1 Ba8 33. Bd6 Kf7 34.
Rd1 gxf4+ 35. gxf4 h5 36. Rb1 Ke6 37. Ng7+ Kf7 38. Nxe8 Rxe8 39. f5 h4 40. e6+
Kf6 41. Kf4 1-0

[Event "SV Mülheim-Nord 3 - SF Essen-Werden 1"]
[Site "NRW-Liga - Gruppe 1 2021/2022"]
[Date "2021.11.28"]
[Round "2.5"]
[White "Huette, Stefan"]
[Black "Limbourg, Marina"]
[Result "1-0"]
[WhiteElo "2008"]
[BlackElo "2013"]
[PlyCount "99"]
[EventDate "2021.??.??"]
[SourceVersionDate "2020.03.16"]
[WhiteTeam "SF Essen-Werden 1"]
[BlackTeam "SV Mülheim-Nord 3"]

1. d4 Nf6 2. Bg5 g6 3. Bxf6 exf6 4. e3 d5 5. Ne2 Bd6 6. g3 Nd7 7. Bg2 c6 8. Nd2
f5 9. O-O Nf6 10. c4 Ne4 11. cxd5 cxd5 12. Rc1 Kf8 13. Nc3 Be6 14. Nb5 Bb8 15.
Qc2 Qa5 16. Nxe4 fxe4 17. Nc7 Bxc7 18. Qxc7 Qxc7 19. Rxc7 b6 20. f3 exf3 21.
Bxf3 Kg7 22. Rfc1 Rhd8 23. Kf2 g5 24. R1c6 Bf5 25. g4 Bd3 26. Rc3 Bg6 27. Ke2
h6 28. Re7 Kf6 29. Re5 Bb1 30. Rxd5 Rdc8 31. Rd6+ Ke7 32. Rdc6 Rxc6 33. Bxc6
Rd8 34. a3 Kd6 35. Bf3 Re8 36. Rc6+ Kd7 37. Rc1 Be4 38. Bxe4 Rxe4 39. h3 Re6
40. Rf1 Ke7 41. Kd3 h5 42. Rf5 hxg4 43. hxg4 f6 44. Rf1 Rc6 45. Rh1 a6 46. e4
b5 47. d5 Rb6 48. Rh7+ Kd6 49. Rf7 Ke5 50. Ke3 1-0

[Event "SV Mülheim-Nord 3 - SF Essen-Werden 1"]
[Site "NRW-Liga - Gruppe 1 2021/2022"]
[Date "2021.11.28"]
[Round "2.6"]
[White "Mainusch, Martin"]
[Black "Claussen, Uwe"]
[Result "1/2-1/2"]
[WhiteElo "1963"]
[BlackElo "1973"]
[Annotator "daniel"]
[PlyCount "83"]
[EventDate "2021.??.??"]
[SourceVersionDate "2020.03.16"]
[WhiteTeam "SV Mülheim-Nord 3"]
[BlackTeam "SF Essen-Werden 1"]

1. Nf3 d5 2. g3 Nf6 3. Bg2 Bg4 4. c4 c6 5. O-O e6 6. b3 Nbd7 7. Bb2 Be7 8. d3
Bxf3 9. exf3 Qb6 10. Nc3 O-O $11 11. f4 dxc4 12. Na4 Qc7 13. dxc4 Rfd8 14. Qc2
g6 15. Rad1 Qa5 16. a3 Nb6 17. Nc3 Rac8 18. Ne4 Nxe4 19. Bxe4 Qc5 20. h4 Rxd1
21. Rxd1 Rd8 22. Rxd8+ Bxd8 23. Qd2 Be7 24. Qc3 f6 25. Kg2 Kf7 26. Bf3 Qd6 27.
h5 Nd7 28. hxg6+ hxg6 29. b4 b6 30. Qd4 Qxd4 31. Bxd4 c5 32. Bc3 Bd6 33. b5 f5
34. Bc6 Nf6 35. f3 Bc7 36. Bb2 Ng8 37. Bb7 Nf6 38. Bc3 Bd6 39. Kf2 Ke7 40. Bc6
Kf7 41. Bb2 Ke7 42. Bc3 1/2-1/2

[Event "SV Mülheim-Nord 3 - SF Essen-Werden 1"]
[Site "NRW-Liga - Gruppe 1 2021/2022"]
[Date "2021.11.28"]
[Round "2.7"]
[White "Rehfeldt, Jens"]
[Black "Grodotzki, Kenneth"]
[Result "1-0"]
[WhiteElo "1977"]
[BlackElo "1957"]
[PlyCount "103"]
[EventDate "2021.??.??"]
[SourceVersionDate "2020.03.16"]
[WhiteTeam "SF Essen-Werden 1"]
[BlackTeam "SV Mülheim-Nord 3"]

1. e4 e6 2. d4 d5 3. Nc3 Nf6 4. Bg5 Bb4 5. e5 h6 6. exf6 hxg5 7. fxg7 Rg8 8. h4
gxh4 9. a3 Bxc3+ 10. bxc3 Qf6 11. Qh5 Qxg7 12. Rxh4 Nc6 13. Rb1 Ne7 14. Qh6
Qxh6 15. Rxh6 Nf5 16. Rh7 Nd6 17. Nf3 Bd7 18. Ne5 Ba4 19. Rb2 Rf8 20. Bd3 O-O-O
21. f3 Be8 22. Kf2 a6 23. Rb1 Nb5 24. Bxb5 axb5 25. Rbh1 f6 26. Ng4 Bg6 27.
R7h6 Bxc2 28. Nxf6 Bf5 29. g4 Bc2 30. Kg3 b6 31. R1h2 Bd3 32. Nh5 e5 33. dxe5
d4 34. cxd4 Rxd4 35. e6 Bc4 36. Ng7 Rd3 37. Rf2 Rg8 38. Nf5 Kd8 39. Rfh2 Bd5
40. Rf2 Rxa3 41. Kf4 b4 42. Ke5 Rd3 43. Rfh2 Bxe6 44. Kxe6 Re8+ 45. Kf6 Rxf3
46. Rh8 Rxh8 47. Rxh8+ Kd7 48. Rh7+ Kc8 49. g5 Rf2 50. g6 Rg2 51. g7 Kb7 52.
Ne7 1-0

[Event "SV Mülheim-Nord 3 - SF Essen-Werden 1"]
[Site "NRW-Liga - Gruppe 1 2021/2022"]
[Date "2021.11.28"]
[Round "2.8"]
[White "Roitburd, Talik"]
[Black "Mann, Gergely"]
[Result "1-0"]
[WhiteElo "1995"]
[BlackElo "1823"]
[PlyCount "67"]
[EventDate "2021.??.??"]
[SourceVersionDate "2020.03.16"]
[WhiteTeam "SV Mülheim-Nord 3"]
[BlackTeam "SF Essen-Werden 1"]

1. e4 c6 2. d3 d5 3. Nd2 g6 4. Ngf3 Bg4 5. h3 Bxf3 6. Qxf3 Bg7 7. g3 e6 8. Bg2
Ne7 9. O-O Nd7 10. Qe2 O-O 11. Nf3 a5 12. e5 a4 13. a3 c5 14. Bf4 b5 15. h4 Qb6
16. h5 Rfc8 17. hxg6 fxg6 18. Bh3 Nf8 19. Qd2 b4 20. Bg5 Nc6 21. Bf6 bxa3 22.
bxa3 Nd4 23. Nxd4 cxd4 24. Rab1 Qc6 25. Qf4 Rab8 26. Qxd4 Nd7 27. c4 dxc4 28.
dxc4 Nb6 29. Rfd1 Bf8 30. Qf4 Bxa3 31. Rd6 Bxd6 32. Bxe6+ Kf8 33. Bg5+ Ke8 34.
Qf7# 1-0